Caricamento...
Krishna sobthi ki kahani kala/
| Autore principale: | |
|---|---|
| Natura: | Printed Book |
| Pubblicazione: |
Madura:
Jawahar Pusthakalaya,
2008.
|
| LEADER | 00351 a2200109 4500 | ||
|---|---|---|---|
| 100 | |a Supriya,P. | ||
| 245 | |a Krishna sobthi ki kahani kala/ |c Supriya.P | ||
| 260 | |a Madura: |b Jawahar Pusthakalaya, |c 2008. | ||
| 300 | |a 96p. | ||
| 942 | |2 ddc |c BK | ||
| 999 | |c 237585 |d 237585 | ||
| 952 | |0 0 |1 0 |4 0 |7 0 |9 263828 |a HIN |b HIN |c ST1 |d 2011-06-07 |i 21377 |l 0 |p HIN21377 |r 2014-02-07 |w 2014-02-07 |y BK | ||